[Event "Cto Equipos Aragon 2012 Preferente B"]
[Site "Aragon"]
[Date "2012.03.03"]
[Round "5.70"]
[White "Calvo Mayayo Jose Maria"]
[Black "Gayan Carceller Miguel Angel"]
[Result "1-0"]
[WhiteElo "1931"]
[BlackElo "1909"]

1.c4 Nf6 2.g3 g6 3.Bg2 Bg7 4.e4 d6 5.d4 O-O 6.Ne2 Nbd7 7.O-O e5 8.d5 Nc5 9.
Nbc3 a5 10.h3 Nh5 11.g4 Nf6 12.Be3 b6 13.a3 Ba6 14.b4 Ncd7 15.Qb3 h6 16.Rac1
Nh7 17.Ng3 Qh4 18.Nb5 Rfc8 19.bxa5 Bxb5 20.Qxb5 Qd8 21.axb6 cxb6 22.Rc3 Nc5
23.Ra1 Ra5 24.Qb4 Rca8 25.Bf1 Ra4 26.Qb2 R4a5 27.Bxc5 bxc5 28.Rb3 Qh4 29.Rb8+
Bf8 30.Rxa8 Rxa8 31.Bg2 Qd8 32.Ne2 Rb8 33.Qc2 Qa5 34.Nc3 Nf6 35.Nb5 Nd7 36.Bf3
Nb6 37.Be2 Ra8 38.Kg2 Qa4 39.Qd3 Kg7 40.Rf1 g5 41.Rc1 Qa6 42.Nc7 Qxa3 43.Nxa8
Qxc1 44.Nxb6 Be7 45.Nc8 Bf8 46.Qf3 Qa1 47.Qb3 Qa6 48.Nb6 Be7 49.Qb5 Qb7 50.Qc6
Qb8 51.Bf3 Qd8 52.Nc8 Bf8 53.Qb7 Kf6 54.Nb6 Kg7 55.Nc8 Kg8 56.Na7 Kg7 57.Nc6
Qf6 58.Qd7 Kg8 59.Qf5 Qg7 60.Bd1 Kh8 61.Ba4 Kg8 62.Bb5 Kh8 63.Ba6 Kg8 64.Bc8
Kh8 65.Bd7 Kg8 66.Be8 f6 67.Nd8 Qe7 68.Qe6+ Kg7 69.Qxe7+ Bxe7 70.Nc6 Kf8 71.
Nxe7 Kxe7 72.Bc6 Kd8 73.Kf1 Kc7 74.Ke2 Kb6 75.Kd3 Ka5 76.Kc3 Ka6 77.Kb3 Ka5
78.Be8 Ka6 79.Ka4 Kb6 80.Bb5 Ka7 81.Ka5 Kb7 82.Ba6+ Kc7 83.Kb5 1-0

[Event "Cto Equipos Aragon 2012 Preferente B"]
[Site "Aragon"]
[Date "2012.03.03"]
[Round "5.72"]
[White "Pellicer Abella Emilio"]
[Black "Navarro Sancho Rafael"]
[Result "0-1"]
[WhiteElo "1835"]
[BlackElo "1802"]

1.Nf3 Nf6 2.d4 g6 3.e3 Bg7 4.c3 d5 5.Nbd2 Nbd7 6.Bd3 O-O 7.Ne5 Nxe5 8.dxe5 Ng4
9.f4 Nxe3 10.Qf3 Ng4 11.h3 Nh6 12.g4 f6 13.exf6 exf6 14.Nb3 Re8+ 15.Be3 c6 16.
O-O-O a5 17.f5 a4 18.Nd4 g5 19.h4 Nf7 20.hxg5 fxg5 21.Ne6 Bxe6 22.fxe6 Rxe6
23.Bxh7+ Kf8 24.Bf5 Rxe3 25.Qxe3 Qd6 26.Qe6 a3 27.Qxd6+ Nxd6 28.Rdf1 axb2+ 29.
Kxb2 Nc4+ 30.Kb3 Ne3 31.Bc8+ Nxf1 32.Rxf1+ Ke7 33.Bxb7 Rb8 0-1

[Event "Cto Equipos Aragon 2012 Div. Honor A "]
[Site "Aragon"]
[Date "2012.03.10"]
[Round "6.1"]
[White "Valiente Roy Jose Javier"]
[Black "Adla Diego"]
[Result "0-1"]
[WhiteElo "2005"]
[BlackElo "2499"]

1.d4 d5 2.Nf3 c6 3.e3 Bg4 4.c4 e6 5.h3 Bh5 6.Nc3 Nd7 7.Be2 Ngf6 8.cxd5 exd5 9.
Nh4 Bxe2 10.Qxe2 Bb4 11.Bd2 O-O 12.Nf5 Re8 13.g4 Bxc3 14.Bxc3 Ne4 15.h4 Qf6
16.f3 Nd6 17.Nxd6 Qxd6 18.O-O-O Re6 19.Qd3 Rae8 20.Rde1 Qe7 21.Bd2 c5 22.dxc5
Ne5 23.Qb5 a6 0-1

[Event "Cto Equipos Aragon 2012 Div. Honor A "]
[Site "Aragon"]
[Date "2012.03.10"]
[Round "6.2"]
[White "Glavina Pablo"]
[Black "Bach Guillamon Francisco"]
[Result "1-0"]
[WhiteElo "2457"]
[BlackElo "1996"]

1.e4 c6 2.d4 d5 3.exd5 cxd5 4.c4 e6 5.Nc3 Nf6 6.Nf3 Nc6 7.cxd5 Nxd5 8.Bd3 Be7
9.O-O Bf6 10.Ne4 a6 11.Nxf6+ Nxf6 12.Bg5 h6 13.Bh4 b6 14.Rc1 Bb7 15.Be4 Qd7
16.Bxc6 1-0

[Event "Cto Equipos Aragon 2012 Div. Honor A "]
[Site "Aragon"]
[Date "2012.03.10"]
[Round "6.3"]
[White "Pueyo Marina Gerardo"]
[Black "Lopez Gracia Fernando"]
[Result "0-1"]
[WhiteElo "1926"]
[BlackElo "2336"]

1.d4 Nf6 2.Nf3 e6 3.g3 b5 4.a4 b4 5.c4 bxc3 6.bxc3 Bb7 7.Bg2 Be7 8.O-O O-O 9.
Qb3 Qc8 10.Nbd2 Na6 11.Ba3 c5 12.Rfc1 Qc7 13.Ne5 Bxg2 14.Kxg2 d6 15.Qb5 Nb8
16.Nd3 a6 17.Qb3 Nbd7 18.dxc5 Rfb8 19.Qc2 d5 20.Rcb1 Nxc5 21.Rxb8+ Rxb8 22.
Nxc5 Bxc5 23.Bxc5 Qxc5 24.Qd3 Qc6 25.f3 h5 26.Ra2 a5 27.Qd4 Rc8 28.Rc2 e5 29.
Qxe5 Qxa4 30.Qf5 Re8 31.Kf2 Qc6 32.Qd3 Qb6+ 33.Qd4 Qe6 34.Nb3 Qf5 35.Qd3 Ng4+
36.Kg1 Qxd3 0-1

[Event "Cto Equipos Aragon 2012 Div. Honor A "]
[Site "Aragon"]
[Date "2012.03.10"]
[Round "6.4"]
[White "Gomez Anadon Daniel"]
[Black "Navarro Castan Jesus"]
[Result "1-0"]
[WhiteElo "2230"]
[BlackElo "1875"]

1.e4 c5 2.Nc3 d6 3.f4 Nf6 4.Nf3 a6 5.a4 e6 6.Bc4 Be7 7.d3 Nc6 8.O-O O-O 9.Qe1
d5 10.Bb3 b6 11.Kh1 Nb4 12.Qe2 Bb7 13.e5 Ne8 14.Nd1 d4 15.Nf2 Nc7 16.Bd2 Bd5
17.Bxd5 Nbxd5 18.Ne4 Nb4 19.Bxb4 cxb4 20.Ned2 Rc8 21.Nb3 Bc5 22.Qe4 Nd5 23.
Nfxd4 Be7 24.f5 exf5 25.Nxf5 Rxc2 26.Qxd5 Qxd5 27.Nxe7+ Kh8 28.Nxd5 Rxb2 1-0

[Event "Cto Equipos Aragon 2012 Div. Honor A "]
[Site "Aragon"]
[Date "2012.03.10"]
[Round "6.5"]
[White "Hefty Hilardo Jorge W"]
[Black "Gavin Roche Enrique"]
[Result "0-1"]
[WhiteElo "2329"]
[BlackElo "2253"]

1.d4 d5 2.c4 e6 3.Nc3 Nf6 4.Bg5 Nbd7 5.cxd5 exd5 6.e3 c6 7.Bd3 Be7 8.Qc2 Nh5
9.Bxe7 Qxe7 10.O-O-O g6 11.Nge2 Nb6 12.h3 Be6 13.Kb1 O-O-O 14.Na4 Nxa4 15.Qxa4
Kb8 16.Nc3 Ng7 17.Ka1 Bf5 18.Be2 Ne8 19.Rhe1 Nd6 20.Bf1 Rhe8 21.Rc1 Qh4 22.g3
Qf6 23.Qd1 g5 24.Qf3 Re6 25.g4 Bg6 26.Qg3 Ka8 27.Bg2 Rde8 28.Bxd5 cxd5 29.Nxd5
Qd8 30.Nc7+ Kb8 31.Nxe8 Rxe8 32.f3 Bd3 33.Rc5 a6 34.Rd5 Re6 35.Rc1 Ka7 36.e4
Qb6 37.Qf2 f6 38.Qd2 Nc4 39.Qc3 Rc6 40.Rc5 Rxc5 41.dxc5 Qb5 42.Qd4 Ka8 43.b3
Na3 44.Qd8+ Ka7 45.Qxf6 Nc2+ 46.Kb2 Qxc5 47.Qc3 Qa3+ 48.Kb1 Nb4+ 0-1

[Event "Cto Equipos Aragon 2012 Div. Honor A "]
[Site "Aragon"]
[Date "2012.03.10"]
[Round "6.6"]
[White "Laliena Solanes Luis"]
[Black "Garcia Monterde Francisco Jose"]
[Result "0-1"]
[WhiteElo "2181"]
[BlackElo "2013"]

1.c4 e5 2.g3 Nc6 3.Bg2 Bc5 4.Nc3 a6 5.e3 d6 6.Nge2 Ba7 7.O-O h5 8.d4 h4 9.b4
hxg3 10.fxg3 Bh3 11.Bxh3 Rxh3 12.b5 axb5 13.cxb5 Nce7 14.Ne4 Ng6 15.Qb3 Nh6
16.Qd5 Rb8 17.Bd2 Qe7 18.Nf2 Rh5 19.Qb3 f6 20.Qd3 Qf7 21.Rac1 Bb6 22.a4 Ra8
23.a5 Bxa5 24.Ra1 b6 25.Bxa5 bxa5 26.Qc3 Qd7 27.Rfc1 Kd8 28.Rxa5 Rxa5 29.Qxa5
e4 30.b6 Rxa5 31.bxc7+ Kc8 32.Nxe4 Ra7 33.N2c3 Rxc7 34.Ra1 Nf7 35.Nd5 Qc6 36.
Nec3 Ne7 37.Nxc7 Qxc3 0-1

[Event "Cto Equipos Aragon 2012 Div. Honor A "]
[Site "Aragon"]
[Date "2012.03.10"]
[Round "6.7"]
[White "Jimenez Fernandez Alejandro"]
[Black "Latorre Abad Fernando"]
[Result "1-0"]
[WhiteElo "1980"]
[BlackElo "2100"]

1.d4 Nf6 2.c4 d6 3.Nf3 Nbd7 4.Nc3 e5 5.e4 g6 6.Be2 Bg7 7.Be3 O-O 8.d5 Nh5 9.
Bg5 f6 10.Bh4 Nf4 11.O-O a5 12.Ne1 Nxe2+ 13.Qxe2 Nc5 14.Nd3 Nxd3 15.Qxd3 g5
16.Bg3 f5 17.exf5 Bxf5 18.Ne4 Qe8 19.f3 Qg6 20.Rae1 b6 21.Bf2 h5 22.Be3 g4 23.
Bc1 Bh6 24.Bxh6 Qxh6 25.Qe3 Qxe3+ 26.Rxe3 Bxe4 27.fxe4 Rxf1+ 28.Kxf1 Rf8+ 29.
Ke2 Kg7 30.g3 Kg6 31.Rc3 Kf6 32.Rc1 Ke7 33.Rf1 Rh8 34.Kf2 h4 35.Kg2 h3+ 36.Kf2
Rf8+ 37.Ke2 Rxf1 38.Kxf1 Kd7 39.Ke2 c6 40.dxc6+ Kxc6 41.Kd3 Kc5 42.Kc3 Kc6 43.
b3 Kc5 44.a3 Kc6 45.b4 Kc7 46.Kb3 Kc6 47.Ka4 axb4 48.axb4 b5+ 49.cxb5+ Kb6 50.
Kb3 Kxb5 51.Kc3 Kb6 52.Kc4 Kc6 53.b5+ 1-0

[Event "Cto Equipos Aragon 2012 Div. Honor A "]
[Site "Aragon"]
[Date "2012.03.10"]
[Round "6.8"]
[White "Cobo Garrido Diego Israel"]
[Black "Larraz Giganto Carlos"]
[Result "1-0"]
[WhiteElo "2049"]
[BlackElo "1819"]

1.e4 c5 2.Nf3 Nc6 3.d4 cxd4 4.Nxd4 g6 5.Nxc6 bxc6 6.Qd4 Nf6 7.e5 Nh5 8.Be2 Ng7
9.O-O Nf5 10.Qe4 Rb8 11.Nd2 Qc7 12.Nc4 Bb7 13.Nd6+ Nxd6 14.exd6 Qa5 15.dxe7
Bxe7 16.Bf4 Rc8 17.Bd6 Qd8 18.Rfe1 Kf8 19.Qxe7+ Qxe7 20.Bxe7+ Kxe7 21.Ba6+ Kd8
22.Bxb7 Rb8 23.Ba6 Rxb2 24.Rab1 Rxb1 25.Rxb1 Ke7 26.Rb7 Ra8 27.Kf1 Kd6 28.Ke2
Re8+ 29.Kd2 Re5 30.Bc4 Rg5 31.g3 Rf5 32.Ke2 Rc5 33.Bb3 a5 34.Rb8 Re5+ 35.Kf1
Ke7 36.Rh8 h5 37.f4 Re4 38.Ra8 h4 39.Rxa5 hxg3 40.hxg3 f6 41.Ra4 Re3 42.Kf2
Rc3 43.Rc4 Rxc4 44.Bxc4 d5 45.Bd3 g5 46.fxg5 fxg5 47.Kf3 1-0

[Event "Cto Equipos Aragon 2012 Div. Honor A "]
[Site "Aragon"]
[Date "2012.03.10"]
[Round "6.9"]
[White "Del Rey Diego"]
[Black "Llanes Luno Pedro Alfredo"]
[Result "1-0"]
[WhiteElo "2371"]
[BlackElo "2148"]

1.d4 Nf6 2.c4 g6 3.g3 Bg7 4.Bg2 d6 5.Nf3 O-O 6.O-O Nc6 7.Nc3 a6 8.Bf4 Nh5 9.
Bg5 h6 10.Be3 Nf6 11.d5 Na5 12.Qa4 b6 13.h3 Bd7 14.Qb4 Rb8 15.Rac1 e5 16.Nd2
Nh5 17.c5 dxc5 18.Bxc5 f5 19.d6 c6 20.Nc4 Nxc4 21.Qxc4+ Kh8 22.Ba3 Qc8 23.b4
e4 24.Nd1 Be6 25.Qc2 Qd7 26.Bb2 Qxd6 27.Qxc6 Rfd8 28.b5 axb5 29.Qxb5 Bxa2 30.
Rc6 Qd7 31.Ne3 Bf7 32.Rd1 Qe8 33.Rdc1 Nf6 34.Qb4 Nd5 35.Nxd5 Bxd5 36.Rc7 Rd7
37.Bxg7+ Kxg7 38.Qd4+ Kg8 39.Rxd7 Qxd7 40.Rd1 Rd8 41.Qxb6 Qd6 42.Qb5 Kf7 43.e3
Ke6 44.Bf1 Rb8 45.Rxd5 Rxb5 46.Rxd6+ Kxd6 47.Bxb5 g5 48.Be8 Ke5 49.Kf1 f4 50.
Ke2 1-0

[Event "Cto Equipos Aragon 2012 Div. Honor A "]
[Site "Aragon"]
[Date "2012.03.10"]
[Round "6.10"]
[White "Roche Simon Manuel Angel"]
[Black "Chueca Forcen Alberto"]
[Result "0-1"]
[WhiteElo "2134"]
[BlackElo "2350"]

1.e4 Nf6 2.e5 Nd5 3.d4 d6 4.Nf3 Bg4 5.Be2 c6 6.O-O Bxf3 7.Bxf3 dxe5 8.dxe5 e6
9.Nd2 Nd7 10.Re1 Qc7 11.Nc4 N7b6 12.Qe2 Nxc4 13.Qxc4 Be7 14.Bxd5 exd5 15.Qg4
g6 16.Bh6 Bf8 17.Bxf8 Rxf8 18.Re3 h5 19.Qh4 Qe7 20.Qd4 b6 21.Qa4 Qd7 22.Qa6
Qc8 23.Qa4 Qd7 24.Qa6 Ke7 25.Qa3+ c5 26.Rae1 Rfe8 27.Qd3 Qe6 28.Rg3 Kd7 29.c4
d4 30.Qe4 Kc7 31.b4 Qxc4 32.bxc5 bxc5 33.Rf3 f5 34.Qf4 Re6 35.Qd2 Qb4 36.Qc1
c4 37.Rb3 Qc5 38.f4 Rd8 39.Kh1 Rc6 40.Rb1 d3 41.Qc3 d2 42.Red1 Rd3 43.Qc2 Rb6
44.Rxb6 axb6 45.Rxd2 Qd4 46.Rxd3 Qxd3 47.Qc1 c3 48.h3 c2 49.Kh2 Qd1 50.Qa3
c1=Q 51.Qa7+ Kc6 52.Qa8+ Kb5 53.Qe8+ Ka5 54.Qa8+ Kb4 55.a3+ Kb3 0-1

[Event "Cto Equipos Aragon 2012 Div. Honor A "]
[Site "Aragon"]
[Date "2012.03.10"]
[Round "6.11"]
[White "Hernando Garcia Antonio"]
[Black "Naya Sancho Jose Ignacio"]
[Result "0-1"]
[WhiteElo "2219"]
[BlackElo "2120"]

1.c4 e5 2.g3 Nc6 3.Bg2 Bc5 4.d3 d6 5.Nf3 Nge7 6.Nc3 a6 7.a3 Ba7 8.b4 Bf5 9.Rb1
Qc8 10.h4 Nd4 11.Nxd4 Bxd4 12.Bb2 c6 13.a4 O-O 14.Ne4 Bxb2 15.Rxb2 Qd7 16.O-O
Rad8 17.Qb3 Bh3 18.b5 Bxg2 19.Kxg2 axb5 20.axb5 c5 21.Nc3 f5 22.Nd5 Nxd5 23.
cxd5 f4 24.f3 fxg3 25.Kxg3 Rf4 26.e4 Rdf8 27.Rh2 Qf7 28.Qd1 Qh5 29.Qe2 R8f6
30.Qf2 g5 {Tiempo blancas} 0-1

[Event "Cto Equipos Aragon 2012 Div. Honor A "]
[Site "Aragon"]
[Date "2012.03.10"]
[Round "6.12"]
[White "Campo Millan Diego"]
[Black "Palacios Latasa Elias"]
[Result "1/2-1/2"]
[WhiteElo "2091"]
[BlackElo "2211"]

1.e4 c5 2.Nc3 Nc6 3.g3 g6 4.Bg2 Bg7 5.f4 d6 6.Nf3 e6 7.d3 Nge7 8.O-O O-O 9.Be3
Nd4 10.e5 Nef5 11.Bf2 Nxf3+ 12.Bxf3 Nd4 13.Bg2 dxe5 14.fxe5 Bxe5 15.Ne4 Nf5
16.c3 c4 17.dxc4 Qc7 18.Qe2 Bd7 19.Nc5 Bc6 20.Bxc6 bxc6 21.Na6 Qa5 22.b4 Qxa6
23.Qxe5 Qxc4 24.Qf6 e5 25.Bc5 Rfe8 26.Rxf5 gxf5 27.Qg5+ 1/2-1/2

[Event "Cto Equipos Aragon 2012 Div. Honor A "]
[Site "Aragon"]
[Date "2012.03.10"]
[Round "6.13"]
[White "Cifuentes Roberto"]
[Black "Llorente Zaro Alfonso"]
[Result "0-1"]
[WhiteElo "2523"]
[BlackElo "2445"]

1.d4 e6 2.Nf3 f5 3.g3 Nf6 4.Bg2 d5 5.c4 c6 6.O-O Bd6 7.b3 Qe7 8.Qc2 O-O 9.Ne5
Nbd7 10.Bb2 Ne4 11.e3 Nxe5 12.dxe5 Bc5 13.Bd4 b6 14.f3 Ng5 15.Nc3 Ba6 16.Na4
Ba3 17.Rf2 dxc4 18.bxc4 c5 19.Bb2 Bxb2 20.Nxb2 Bb7 21.Rd1 Rfd8 22.h4 Nf7 23.f4
Bxg2 24.Rxg2 Nh6 25.e4 Qb7 26.Re2 Qc6 27.Red2 Rxd2 28.Rxd2 fxe4 29.Rd6 Qb7 30.
Qd1 Nf5 31.Rd8+ Rxd8 32.Qxd8+ Kf7 33.g4 Ne3 34.f5 Nxg4 35.Qg5 Nxe5 36.Qh5+ Ke7
37.Qxh7 Kf6 38.fxe6 e3 39.Qg8 Qf3 40.Qf8+ Kxe6 41.Qe8+ Kf5 42.Qf8+ Kg4 43.
Qxg7+ Kh3 0-1

[Event "Cto Equipos Aragon 2012 Div. Honor A "]
[Site "Aragon"]
[Date "2012.03.10"]
[Round "6.14"]
[White "Ramon Perez Jose Luis"]
[Black "Accattato Martin Mario"]
[Result "1-0"]
[WhiteElo "2234"]
[BlackElo "2190"]

1.e4 d6 2.Nc3 e5 3.f4 Nf6 4.Nf3 exf4 5.d4 d5 6.exd5 Nxd5 7.Nxd5 Qxd5 8.Bxf4
Bd6 9.Qe2+ Qe6 10.Bxd6 cxd6 11.Ng5 Qxe2+ 12.Bxe2 f6 13.Ne4 Kd7 14.O-O Nc6 15.
Rad1 a6 16.c4 Kc7 17.Nc3 Ne7 18.Rfe1 Bf5 19.Bh5 Kd7 20.Na4 Nc8 21.Nc3 Ne7 22.
Rd2 Bg6 23.Bf3 Rab8 24.b4 Rhe8 25.Rc1 Bf7 26.c5 d5 27.a3 h5 28.Re1 g5 29.h3 b5
30.cxb6 Rxb6 31.Rde2 Re6 32.Rxe6 Bxe6 33.Bxh5 Rh8 34.Na4 Kd6 35.Nc5 Bc8 36.Be2
Nc6 37.Nb3 Rh4 38.Rd1 g4 39.hxg4 Bxg4 40.Bf3 f5 41.Rd3 Bxf3 42.gxf3 Kc7 43.Kf2
f4 44.Kg2 Kb6 45.Rd1 Rh7 46.Nc5 Rg7+ 47.Kf2 Rh7 48.Ne6 Rh2+ 49.Kg1 Ra2 50.Nxf4
Rxa3 51.Nxd5+ Kb5 52.Kf2 {resto ilegible} 1-0

[Event "Cto Equipos Aragon 2012 Div. Honor A "]
[Site "Aragon"]
[Date "2012.03.10"]
[Round "6.15"]
[White "Gonzalez Gambau Jorge"]
[Black "Mimbela Lopez Miguel A"]
[Result "0-1"]
[WhiteElo "2097"]
[BlackElo "2178"]

1.e4 e5 2.Nf3 Nc6 3.Nc3 Nf6 4.g3 d5 5.exd5 Nxd5 6.Bg2 Nxc3 7.bxc3 Be7 8.d3 O-O
9.O-O Be6 10.Re1 Bf6 11.Bb2 Qd7 12.Qd2 Bg4 13.c4 Rfe8 14.Ng5 h6 15.Ne4 Be7 16.
f3 Bf5 17.Rad1 Rad8 18.Kh1 Bxe4 19.Rxe4 Bb4 20.Qf2 Ba5 21.f4 f5 22.Re2 e4 23.
Rf1 exd3 24.Rxe8+ Rxe8 25.Bd5+ Kh7 26.cxd3 Nb4 27.Qxa7 Nxd5 28.Qxa5 Ne3 29.Rf2
Nd1 30.Rd2 Nxb2 31.Rxb2 Qxd3 32.Rf2 c6 33.Qd2 Qxc4 34.Qd7 Qe4+ 35.Kg1 b5 36.a3
Re7 37.Qc8 Qd5 38.Rf1 Re2 39.Rf3 Qd4+ 0-1

[Event "Cto Equipos Aragon 2012 Div. Honor A "]
[Site "Aragon"]
[Date "2012.03.10"]
[Round "6.16"]
[White "Delgado Salcedo Eduardo"]
[Black "Uldemolins Nivela Mateo"]
[Result "1/2-1/2"]
[WhiteElo "2174"]
[BlackElo "1819"]

1.c4 c6 2.Nf3 Nf6 3.g3 g6 4.b3 Bg7 5.Bb2 O-O 6.Bg2 d5 7.O-O Bf5 8.d3 Re8 9.Qc2
Nbd7 10.Nd4 e5 11.Nxf5 gxf5 12.e3 Rc8 13.Nc3 Qc7 14.Ne2 Bh6 15.Rac1 Qd6 16.Bh3
Ng4 17.cxd5 cxd5 18.Qb1 Qg6 19.Rxc8 Rxc8 20.Rc1 Rc6 21.Rxc6 bxc6 22.Qc2 Qh5
23.Bxg4 Qxg4 24.Qxc6 Qxe2 25.Qxh6 Qxb2 26.Qg5+ Kf8 27.Qd8+ Kg7 28.Qg5+ Kf8 29.
Qd8+ Kg7 1/2-1/2

[Event "Cto Equipos Aragon 2012 Div. Honor B "]
[Site "Aragon"]
[Date "2012.03.10"]
[Round "6.17"]
[White "Antoli Royo Joaquin Miguel"]
[Black "Quintin Navarro Alberto"]
[Result "1-0"]
[WhiteElo "2410"]
[BlackElo "2201"]

1.e4 c5 2.f4 d6 3.Nf3 Nf6 4.Nc3 e6 5.g3 Nc6 6.Bg2 d5 7.e5 Nd7 8.O-O Be7 9.d4
cxd4 10.Ne2 Qb6 11.Kh1 h5 12.Nexd4 h4 13.gxh4 Nxd4 14.Nxd4 Bc5 15.c3 Bxd4 16.
cxd4 Rxh4 17.f5 Qxd4 18.fxe6 fxe6 19.Qf3 Qxe5 20.Qf7+ Kd8 21.Bf4 Rxf4 22.Rxf4
Nf6 23.Rh4 Ne8 24.Qf2 Qf6 25.Rf4 Qh6 26.Rf7 Bd7 27.Qc5 Qg5 28.Rc1 b6 29.Rxd7+
Kxd7 30.Qc6+ Ke7 31.Qb7+ 1-0

[Event "Cto Equipos Aragon 2012 Div. Honor B "]
[Site "Aragon"]
[Date "2012.03.10"]
[Round "6.18"]
[White "Gimenez Martinez Alberto"]
[Black "Garza Marco Sergio"]
[Result "0-1"]
[WhiteElo "2170"]
[BlackElo "2394"]

1.e4 e6 2.d4 d5 3.e5 c5 4.c3 Nc6 5.Nf3 Bd7 6.a3 c4 7.Nbd2 Na5 8.Be2 Ne7 9.O-O
Nc8 10.h3 Nb6 11.Nh2 Ba4 12.Qe1 h5 13.f4 Qd7 14.Qf2 Bc2 15.g4 hxg4 16.hxg4
O-O-O 17.f5 Be7 18.Kg2 Rh7 19.fxe6 Qxe6 20.Bd1 Bxd1 21.Rxd1 Rxh2+ 22.Kxh2 Qxg4
0-1

[Event "Cto Equipos Aragon 2012 Div. Honor B "]
[Site "Aragon"]
[Date "2012.03.10"]
[Round "6.19"]
[White "Fontana Sotomayor Luis Javier"]
[Black "Arregui Untoria Carlos"]
[Result "1/2-1/2"]
[WhiteElo "2345"]
[BlackElo "2080"]

1.d4 Nf6 2.Nf3 e6 3.e3 c5 4.Bd3 Nc6 5.c3 Be7 6.Nbd2 Qc7 7.O-O d5 8.Qe2 O-O 9.
dxc5 e5 10.e4 Bxc5 11.exd5 Nxd5 12.Bxh7+ Kh8 13.Ne4 Be7 14.Rd1 Nf4 15.Bxf4
exf4 16.Nfg5 g6 17.Qc4 Bf5 18.Rd5 Bxg5 19.Rxf5 gxf5 20.Nxg5 Qe7 21.Qxf4 f6 22.
Ne6 Qxe6 23.Bxf5 Qe7 24.Qh6+ Kg8 25.Be6+ Rf7 26.Qg6+ Kf8 27.Qh6+ Ke8 28.Bxf7+
Qxf7 29.Re1+ Kd7 30.Qd2+ Kc7 31.Qf4+ Kb6 32.Qe3+ Ka6 33.Qd3+ Ka5 34.b4+ Kb6
35.Qe3+ Kc7 36.b5 Ne5 37.Qc5+ Kd7 38.f4 Ng6 39.Qf5+ Kc7 40.Qc5+ Kd7 41.Qf5+
Kc7 42.Qc5+ Kd7 1/2-1/2

[Event "Cto Equipos Aragon 2012 Div. Honor B "]
[Site "Aragon"]
[Date "2012.03.10"]
[Round "6.20"]
[White "Jaques Burguete Raul"]
[Black "Ramiro Ovejero Juan Luis"]
[Result "0-1"]
[WhiteElo "2032"]
[BlackElo "2303"]

1.e4 c5 2.Nf3 e6 3.d4 cxd4 4.Nxd4 Nc6 5.Be3 Qc7 6.c3 Nf6 7.Nd2 a6 8.a4 d5 9.
Bd3 Ne5 10.Bc2 dxe4 11.Nxe4 Nc4 12.Nxf6+ gxf6 13.Qh5 Nxe3 14.fxe3 Be7 15.Qg4
Qe5 16.O-O-O Bd7 17.Qg7 Rf8 18.Qxh7 f5 19.Nf3 Qf6 20.Qh3 O-O-O 21.Qg3 Rg8 22.
Qf4 Rg4 23.Qe5 Rxg2 24.Qxf6 Bxf6 25.Rd2 Rxd2 26.Nxd2 Bc6 27.Rf1 Rh8 28.Rf2 Bg5
29.Re2 Rh3 30.Nc4 Bf3 31.Re1 Rxh2 32.Nd6+ Kc7 33.Nxf7 Bh4 34.Rf1 Bf2 35.e4
fxe4 36.Ne5 Be2 37.Rxf2 Rxf2 38.Bxe4 Kd6 39.Ng6 Bh5 40.c4 Rf6 41.c5+ Kxc5 42.
Ne7 Rf7 0-1

[Event "Cto Equipos Aragon 2012 Div. Honor B "]
[Site "Aragon"]
[Date "2012.03.10"]
[Round "6.21"]
[White "Forcen Esteban Daniel"]
[Black "Villuendas Valero Adrian"]
[Result "1-0"]
[WhiteElo "2428"]
[BlackElo "2287"]

1.e4 c5 2.Nf3 e6 3.d4 cxd4 4.Nxd4 Qb6 5.Be3 Qxb2 6.Nd2 a6 7.Be2 Qc3 8.O-O Qc7
9.e5 d6 10.exd6 Bxd6 11.Nc4 Nf6 12.Nxd6+ Qxd6 13.Nb5 Qxd1 14.Nc7+ Kd8 15.
Rfxd1+ Kxc7 16.Bf4+ Kc6 17.Bf3+ Nd5 18.c4 Kd7 19.cxd5 e5 20.Bxe5 f6 21.Bg3 a5
22.Re1 Kd8 23.Bd6 Bf5 24.Rac1 Kd7 25.Bg3 Kd8 26.Bc7+ Kd7 27.g4 Bg6 28.d6 Re8
29.Rxe8 Kxe8 30.Bxb7 Ra7 31.Bc8 1-0

[Event "Cto Equipos Aragon 2012 Div. Honor B "]
[Site "Aragon"]
[Date "2012.03.10"]
[Round "6.22"]
[White "Colom Sienes Eduardo"]
[Black "Baron Rodriguez Jesus"]
[Result "1-0"]
[WhiteElo "2032"]
[BlackElo "2449"]

1.e4 e5 2.Nf3 Nc6 3.Bc4 Nf6 4.Ng5 d5 5.exd5 b5 6.dxc6 bxc4 7.O-O h6 8.Nh3 Bg4
9.Qe1 Qd4 10.Qe3 O-O-O 11.Qxd4 exd4 12.b3 Bf5 13.Na3 Bxa3 14.Bxa3 Rhe8 15.bxc4
Bxc2 16.Rfe1 Rxe1+ 17.Rxe1 Bd3 18.Rc1 Re8 19.f3 Re2 20.Nf4 Rxd2 21.Bb4 Rxa2
22.Nxd3 a5 23.Bc5 a4 24.Rb1 Rc2 25.Nb4 Rc3 26.Na6 Rb3 27.Rxb3 axb3 28.Bxd4 1-0

[Event "Cto Equipos Aragon 2012 Div. Honor B "]
[Site "Aragon"]
[Date "2012.03.10"]
[Round "6.24"]
[White "Sacristan Latorre Alberto"]
[Black "Castillo Sanjuan Daniel"]
[Result "1-0"]
[WhiteElo "1989"]
[BlackElo "2019"]

1.e4 e5 2.Nf3 Nc6 3.d4 exd4 4.Nxd4 Nf6 5.Nxc6 bxc6 6.e5 Qe7 7.Qe2 Nd5 8.c4 Ba6
9.b3 g6 10.Bb2 Bg7 11.g3 O-O 12.Bg2 Rae8 13.O-O f6 14.Qd2 Nb6 15.Qa5 Bxc4 16.
Ba3 Qe6 17.bxc4 Nxc4 18.Qa4 Nxa3 19.Nxa3 fxe5 20.Qc4 d5 21.Qc5 e4 22.Rad1 Bh6
23.Nc2 Rf6 24.Qxa7 Qg4 25.Qd4 Bg7 26.Qc5 Ref8 27.Ne3 Qe2 28.Rde1 Qxa2 29.Nc2
Qa6 30.Nb4 Qa3 31.Rc1 Bh6 32.Nxd5 Bxc1 33.Nxf6+ Rxf6 34.Rxc1 Qb2 35.Qc2 Qa3
36.Bxe4 1-0

[Event "Cto Equipos Aragon 2012 Div. Honor B "]
[Site "Aragon"]
[Date "2012.03.10"]
[Round "6.26"]
[White "Del Corral Abancens Alfonso"]
[Black "Solano Lasierra Javier"]
[Result "0-1"]
[WhiteElo "1935"]
[BlackElo "2172"]

1.e4 e6 2.d4 d5 3.e5 c5 4.c3 Nc6 5.Nf3 Qb6 6.Bd3 Bd7 7.dxc5 Bxc5 8.O-O f6 9.
Qe2 fxe5 10.Nxe5 Nxe5 11.Qh5+ Nf7 12.Bxh7 Nf6 0-1

[Event "Cto Equipos Aragon 2012 Div. Honor B "]
[Site "Aragon"]
[Date "2012.03.10"]
[Round "6.27"]
[White "Escuer Sanchez Nestor"]
[Black "Munoz Bornao Miguel Angel"]
[Result "1/2-1/2"]
[WhiteElo "2099"]
[BlackElo "1788"]

1.d4 d5 2.g3 g6 3.Bg2 Bg7 4.Nf3 Nf6 5.O-O O-O 6.c4 c6 7.Nbd2 Bf5 8.Qb3 Qb6 9.
Qa3 Nbd7 10.e3 Rfe8 11.Nh4 Be4 12.f3 Bf5 13.Nxf5 gxf5 14.c5 Qc7 15.Qd3 e6 16.
e4 fxe4 17.fxe4 e5 18.exd5 cxd5 19.Nb3 exd4 20.Qxd4 Qe5 21.Qf2 Qe2 22.Qxe2
Rxe2 23.Bf3 Rc2 24.Bd1 Rc4 25.Be2 Re4 26.Bf3 Rc4 27.Be2 Re4 28.Bf3 Rc4 29.Be3
Ne4 30.Rad1 Ndf6 31.Bd4 Rd8 32.Na5 Ra4 33.Nxb7 Rd7 34.c6 Rc7 35.Bxf6 Nxf6 36.
Rc1 Rxa2 37.Rc2 Ne4 38.Rfc1 Rxb2 1/2-1/2

[Event "Cto Equipos Aragon 2012 Div. Honor B "]
[Site "Aragon"]
[Date "2012.03.10"]
[Round "6.28"]
[White "Ballonga Arruebo Alejandro"]
[Black "Pellicer Cemeli Jose Luis"]
[Result "0-1"]
[WhiteElo "1704"]
[BlackElo "2068"]

1.c4 Nf6 2.Nc3 g6 3.Nf3 Bg7 4.e4 d6 5.d4 O-O 6.h3 a5 7.Be3 Na6 8.Be2 Nd7 9.O-O
e5 10.Qd2 Re8 11.Bg5 f6 12.Bh6 Qe7 13.Nd5 Qf8 14.Bxg7 Kxg7 15.dxe5 Nxe5 16.
Qxa5 Nc6 17.Qc3 Ne7 18.Rfe1 c6 19.Nb6 Rb8 20.Nxc8 Nxc8 21.Rad1 Nc5 22.Bd3 Ne6
23.e5 fxe5 24.Nxe5 Qf6 25.Nf3 Qxc3 26.bxc3 Nb6 27.Nd4 Nc5 28.Bf1 Nba4 29.Ne2
Re6 30.Nf4 Rxe1 31.Rxe1 Nxc3 32.Re7+ Kf6 33.Rxh7 Nxa2 34.h4 Ne6 35.Nxe6 Kxe6
36.Rh6 Kf7 37.Bd3 Nc1 38.Be4 Ne2+ 39.Kf1 Nf4 40.g3 Kg7 0-1

[Event "Cto Equipos Aragon 2012 Div. Honor B "]
[Site "Aragon"]
[Date "2012.03.10"]
[Round "6.29"]
[White "Colas Longares Rafael P"]
[Black "Romon Poves Raul"]
[Result "1/2-1/2"]
[WhiteElo "2321"]
[BlackElo "2296"]

1.e4 Nf6 2.e5 Nd5 3.d4 d6 4.Nf3 Bg4 5.Be2 Nc6 6.O-O dxe5 7.dxe5 Ndb4 8.Nbd2
Bf5 9.c3 Bc2 10.Qe1 Nd3 11.Bxd3 Bxd3 12.e6 f6 13.Qe3 Bxf1 14.Nxf1 Qd5 15.b4 a5
16.Bd2 axb4 17.cxb4 Rxa2 18.Re1 g6 19.Qf4 Bg7 20.Qxc7 O-O 21.Qxb7 Rb8 22.Qc7
Ra7 23.Qf4 Rd8 24.Be3 Ra4 25.Qc7 Rxb4 26.Rc1 Rc4 27.Rxc4 Qxc4 28.Nd4 Rxd4 29.
Bxd4 Qxe6 30.h3 Kf7 31.Bc3 Bh6 32.Qg3 Qc4 33.Qf3 Nd8 34.Nd2 Qc6 35.Qd3 Ne6 36.
Qf3 Qxf3 37.Nxf3 Nf4 38.Kf1 e5 39.Bd2 e4 40.Nd4 Ne6 41.Nxe6 Bxd2 42.Nc5 f5 43.
Ke2 Bb4 44.Nb3 Ke6 45.Na1 Kd5 46.Nc2 Bc5 47.Ne1 Kc4 48.g3 g5 49.Ng2 Kd5 50.h4
h6 51.hxg5 hxg5 52.f3 Bd6 53.g4 fxg4 54.Ne3+ Ke5 55.fxe4 Kf4 56.Ng2+ Kg3 57.
Kf1 Kh2 58.Ne3 g3 59.Ng2 Bf4 60.Ne1 Kh3 61.Ng2 Kg4 62.Ne1 Bd2 63.Ng2 Bc3 64.
Ke2 Bd4 65.Ne1 Kf4 66.Kf1 Bc3 67.Ng2+ Kf3 68.e5 Kg4 69.e6 Bb4 70.Ne3+ Kf3 71.
Ng2 g4 72.Nh4+ Kf4 73.e7 Bxe7 74.Ng6+ Kg5 75.Nxe7 Kh4 76.Kg2 1/2-1/2

[Event "Cto Equipos Aragon 2012 Div. Honor B "]
[Site "Aragon"]
[Date "2012.03.10"]
[Round "6.31"]
[White "Garcia Vicente Nieves"]
[Black "Gil Capape Marco Antonio"]
[Result "1-0"]
[WhiteElo "2198"]
[BlackElo "2059"]

1.d4 g6 2.c4 Bg7 3.e4 c5 4.Nf3 Qb6 5.dxc5 Qxc5 6.Be2 d6 7.O-O Be6 8.Qb3 Nd7 9.
Nc3 Qc7 10.Be3 Ngf6 11.Nd4 Nc5 12.Nxe6 fxe6 13.Qc2 O-O 14.b4 Ncd7 15.Rac1 a5
16.a3 axb4 17.axb4 Rfc8 18.Qb3 Ne5 19.f3 Qd7 20.Rfd1 Ne8 21.c5 Nc6 22.Bc4 Nc7
23.Na4 Nd4 24.Bxd4 Bxd4+ 25.Rxd4 Rxa4 26.c6 Qxc6 27.Bxe6+ 1-0

[Event "Cto Equipos Aragon 2012 Div. Honor B "]
[Site "Aragon"]
[Date "2012.03.10"]
[Round "6.32"]
[White "Galvez Perez Jose Luis"]
[Black "Cid Royo Oscar"]
[Result "0-1"]
[WhiteElo "1979"]
[BlackElo "2037"]

1.d4 d5 2.Bf4 Nf6 3.e3 c6 4.c4 g6 5.Nc3 Bg7 6.h3 Qb6 7.Qb3 Nbd7 8.c5 Qa5 9.Nf3
Ne4 10.Bd3 Ndxc5 11.dxc5 Nxc3 12.bxc3 Bxc3+ 13.Ke2 Bxa1 14.Rxa1 Qxc5 15.Qb2 f6
16.g4 O-O 17.Bh6 Rf7 18.Rg1 e5 19.Rc1 Qb6 20.Qc2 e4 21.Bxe4 dxe4 22.Qxe4 Bd7
23.Rb1 Qa6+ 24.Ke1 Re8 25.Qc2 Be6 26.Nd2 f5 27.g5 f4 28.Rb4 fxe3 29.fxe3 Bxh3
30.Qc3 Bf1 31.Nc4 Bxc4 32.Rxc4 Qxa2 33.Rf4 Qe6 34.Ke2 Qe5 35.Qb3 0-1